000
00308nam a2200121Ia 4500
008
190802s9999 xx 000 0 und d
020
_a
978-93-528-6308-2
100
_a
Walter Savitch
245
0
_a
Problem Solving with C + +
260
_a
New Delhi
_b
Wolters Kluwer
_c
2018
300
_a
1080:p
942
_c
BK
999
_c
2373
_d
2373